Statistics for Wolfsburg scorers in Bundesliga 2015-2016

Click here to take the quiz!

General Stats

  • This quiz has been taken 32 times
    (19 since last reset)
  • The average score is 11 of 16

Answer Stats

PlayerGoals% Correct
Bas Dost8
88%
Maximilian Arnold3
82%
Ricardo Rodriguez2
82%
André Schürrle9
76%
Julian Draxler5
76%
Robin Knoche1
71%
Daniel Caligiuri2
65%
Dante1
65%
Josuha Guilavogui2
65%
Luiz Gustavo1
65%
Timm Klose1
65%
Marcel Schäfer1
59%
Max Kruse6
59%
Nicklas Bendtner2
59%
Vieirinha1
59%
Ivan Perisic1
41%

Score Distribution

Percentile by Number Answered

Percent of People with Each Score

Your Score History

You have not taken this quiz since the last reset